000 00824cam a2200193 4500
001 WB3810-17
008 020313n2002 000 0 eng u
035 _a(Sirsi) u117122
245 _aTerrorism insurance not available
260 _c2002
490 _aEstates Gazette
_v(0210) 9 March 2002, 30(1)
520 _aCommercial property owners will face potentially disastrous building insurance gaps at March renewal. Terrorism insurance is not available and industry representatives call on the Treasury Minister to expand urgently the government-backed Pool Re scheme. For further information on Pool Re go to http://www.psa.co.uk/forum/news230102_01.asp
590 _aWB
650 _aPROPERTY-COMMERCIAL PROPERTY
650 _aPOOL RE
650 _aTERRORISM INSURANCE
690 _aInsurance
_96249
942 _n0
999 _c69776
_d69776